Назовите авторов этих литературных произведений - Statistics

General Stats
  • This quiz has been taken 99 times
  • The average score is 7 of 25
Answer Stats
произведение автор % Correct
Игрок Фёдор Достоевский
75%
Обломов Иван Гончаров
73%
Илиада Гомер
70%
Каштанка Антон Чехов
66%
Макбет Уильям Шекспир
52%
Филипок Лев Толстой
44%
Айвенго Вальтер Скотт
43%
Театр Сомерсет Моэм
34%
Котлован Андрей Платонов
32%
Тартюф Мольер
24%
Коллекционер Джон Фаулз
23%
Эмма Джейн Остен
20%
Будденброки Томас Манн
15%
Антигона Софокл
13%
Дублинцы Джеймс Джойс
13%
Ребекка Дафна Дюморье
13%
Малыш Аркадий и Борис Стругацкие
11%
Петербург Андрей Белый
11%
Медея Еврипид
10%
Лягушки Аристофан
9%
Анабасис Ксенофонт
8%
Бездна Леонид Андреев
6%
Озимандис Перси Биш Шелли
6%
Дорога Кормак Маккарти
5%
Манарага Владимир Сорокин
5%
No matching quizzes found
Score Distribution
Percent of People with Each Score
Percentile by Number Answered
Your Score History
You have not taken this quiz